| 000 | 00602nam a22002057a 4500 | ||
|---|---|---|---|
| 008 | 170407b xxu||||| |||| 00| p tur d | ||
| 020 | _a9753638116 | ||
| 041 | _atur | ||
| 050 | _aPR6058.U37 | ||
| 100 |
_9157 _aTed Hughes |
||
| 245 |
_aDoğumgünü Mektupları _bBirthday Letters _cTed Hughes; Çev.: Şavkar Altınel, Roni Margulies |
||
| 250 | _a1. Baskı | ||
| 260 |
_aİstanbul _bYapı Kredi Yayınları _cEylül 1998 |
||
| 300 | _a198 sayfa | ||
| 500 | _aŞiir 99 | ||
| 650 | 0 |
_9146 _aDünya Edebiyatı |
|
| 700 |
_9159 _aRoni Margulies |
||
| 700 |
_aAltınel, Şavkar _9158 |
||
| 942 |
_2lcc _cBK |
||
| 999 |
_c110 _d107 |
||